Identidad étnica y confesional en Bosrnia-Herzegovina (Record no. 851140)

000 -CABECERA
Campo de control de longitud fija 00523nab a2200145 4500
003 - IDENTIFICADOR DEL NÚMERO DE CONTROL
Campo de control ES-SlBCS
005 - FECHA Y HORA DE LA ÚLTIMA TRANSACCIÓN
Campo de control 20210327231212.0
008 - CÓDIGOS DE INFORMACIÓN DE LONGITUD FIJA
Campo de control de longitud fija 150303s2015 sp ||||| |||| 00| 0 spa d
040 ## - FUENTE DE LA CATALOGACIÓN
Centro catalogador del origen ES-SlBCS
Lengua de catalogación spa
100 1# - PUNTO DE ACCESO PRINCIPAL-NOMBRE DE PERSONA
Nombre de persona Vlaisavljevic, Ugo
9 (RLIN) 100396
245 10 - MENCIÓN DE TÍTULO
Título Identidad étnica y confesional en Bosrnia-Herzegovina
Resto del título : Imperios, guerra y estrategias de supervivencia
Mención de responsabilidad, etc. Ugo Vlaisavljevic
650 04 - PUNTO DE ACCESO ADICIONAL DE MATERIA-TÉRMINO DE MATERIA
Término de materia o nombre geográfico como elemento inicial Etnias
Subdivisión geográfica Bosnia Herzegovina
9 (RLIN) 407783
773 0# - ENLACE AL DOCUMENTO FUENTE
Parte(s) relacionada(s) Nº 359, 2015, págs. 55-66
Título Concilium
Número de control del registro relacionado Rev134
Número Internacional Normalizado para Publicaciones Seriadas (ISSN) 0210-1041
942 ## - ENTRADA DE ELEMENTOS AGREGADOS (KOHA)
Fuente de clasificaión o esquema
Koha [por defecto] tipo de item Artículos de revista
Holdings
Suprimido Perdido Fuente de clasificación o esquema Estropeado No para préstamo Localización permanente Localización actual Localización en estantería Fecha adquisición Préstamos totales Fecha última consulta Fecha del precio de reemplazo Tipo de item de Koha
          San Esteban San Esteban Depósito de revistas 03/03/2015   03/03/2015 03/03/2015 Artículos de revista

Bibliotecas Dominicos Provincia Hispania, 2016

Con tecnología Koha